书目信息 |
| 题名: |
电力排灌站电工讲义
|
|
| 作者: | ;常州市科学技术协会 主编 | |
| 分册: | ||
| 出版信息: | 上海 上海科学技术出版社 1965 |
|
| 页数: | 358页 | |
| 开本: | 19cm | |
| 丛书名: | ||
| 单 册: | ||
| 中图分类: | S277.9-43 | |
| 科图分类: | ||
| 主题词: | 电工-排灌站--教材 , 排灌站-电工--教材 , 农田水利 | |
| 电子资源: | ||
| ISBN: | ||
| 000 | 00730nam0 2200253 45 981 | |
| 001 | 0639131638 | |
| 005 | 20060728105245.34 | |
| 010 | @dCNY0.80 | |
| 091 | @a15119.1848 | |
| 100 | @a19960426d1965 em y0chiy0121 ea | |
| 101 | 0 | @achi |
| 102 | @aCN@b310000 | |
| 105 | @afa z 000yy | |
| 106 | @ar | |
| 200 | 10 | @a电力排灌站电工讲义@f常州市科学技术协会主编@Adian li pai guan zhan dian gong jiang yi |
| 210 | @a上海@c上海科学技术出版社@d1965 | |
| 215 | @a358页@c图,表@d19cm | |
| 606 | @a电工-排灌站@x教材 | |
| 606 | @a排灌站-电工@x教材 | |
| 606 | 0 | @a农田水利 |
| 690 | @aS277.9-43@v3 | |
| 711 | 02 | @a常州市科学技术协会@4主编@Achang zhou shi ke xue ji shu xie hui |
| 801 | 0 | @c20060728 |
| 905 | @a10447@dS277.9-43@e27 | |
| 电力排灌站电工讲义/常州市科学技术协会主编.-上海:上海科学技术出版社,1965 |
| 358页:图,表;19cm |
| ISBN :CNY0.80 |
| ● |
| 相关链接 |
|
|
|
|
正题名:电力排灌站电工讲义
索取号:S277.9-43/27
 
预约/预借
| 序号 | 登录号 | 条形码 | 馆藏地/架位号 | 状态 | 备注 |
| 1 | 0438965 | 204389651 | 密集书库/ [索取号:S277.9-43/27] | 在馆 |